<?xml version="1.0" encoding="UTF-8"?>
<record
    xmlns:xsi="http://www.w3.org/2001/XMLSchema-instance"
    xsi:schemaLocation="http://www.loc.gov/MARC21/slim http://www.loc.gov/standards/marcxml/schema/MARC21slim.xsd"
    xmlns="http://www.loc.gov/MARC21/slim">

  <leader>01068na  a2200277   4500</leader>
  <controlfield tag="001">12653</controlfield>
  <controlfield tag="003">MIRAKIL</controlfield>
  <controlfield tag="005">20181213154815.0</controlfield>
  <controlfield tag="008">160812b        tu            000 0      </controlfield>
  <datafield tag="020" ind1=" " ind2=" ">
    <subfield code="a">9757800910</subfield>
  </datafield>
  <datafield tag="035" ind1=" " ind2=" ">
    <subfield code="a">12653</subfield>
  </datafield>
  <datafield tag="040" ind1=" " ind2=" ">
    <subfield code="a">Milas</subfield>
    <subfield code="b">tur</subfield>
    <subfield code="c">TR-AnCHP</subfield>
  </datafield>
  <datafield tag="082" ind1=" " ind2=" ">
    <subfield code="a">182</subfield>
    <subfield code="b">V65b 2002</subfield>
  </datafield>
  <datafield tag="090" ind1=" " ind2=" ">
    <subfield code="a">182 V65b 2002</subfield>
  </datafield>
  <datafield tag="100" ind1=" " ind2=" ">
    <subfield code="a">Von Oech, Roger</subfield>
  </datafield>
  <datafield tag="245" ind1=" " ind2=" ">
    <subfield code="a">Beklenmeyeni bekleyin (yoksa onu asla bulamazs&#x131;n&#x131;z)</subfield>
    <subfield code="b">Heraklitus'un kadim bilgeli&#x11F;ine dayanan bir yarat&#x131;c&#x131;l&#x131;k arac&#x131;</subfield>
    <subfield code="c">Roger Von Oech T&#xFC;rk&#xE7;esi ; Meltem Altan.</subfield>
  </datafield>
  <datafield tag="246" ind1=" " ind2=" ">
    <subfield code="a">Heraklitus'un kadim bilgeli&#x11F;ine dayanan bir yarat&#x131;c&#x131;l&#x131;k arac&#x131;</subfield>
  </datafield>
  <datafield tag="260" ind1=" " ind2=" ">
    <subfield code="a">&#x130;stanbul</subfield>
    <subfield code="b">Dharma Yay&#x131;nlar&#x131;</subfield>
    <subfield code="c">2002</subfield>
  </datafield>
  <datafield tag="300" ind1=" " ind2=" ">
    <subfield code="a">246 s.</subfield>
    <subfield code="b">res.</subfield>
    <subfield code="c">18 sm.</subfield>
  </datafield>
  <datafield tag="500" ind1=" " ind2=" ">
    <subfield code="a">&#xD6;zg&#xFC;n yap&#x131;t ad&#x131;: Expect the unexpected (or you won't find it) :a creativity tool based on the ancient wisdom of Heraclitus</subfield>
  </datafield>
  <datafield tag="600" ind1=" " ind2=" ">
    <subfield code="a">Heraklitos</subfield>
    <subfield code="d">&#x130;.&#xD6;. 550-480</subfield>
    <subfield code="e">Varl&#x131;k</subfield>
  </datafield>
  <datafield tag="650" ind1=" " ind2=" ">
    <subfield code="a">Yarat&#x131;c&#x131;l&#x131;k (Felsefe)</subfield>
    <subfield code="x">Eski &#xE7;a&#x11F; bilgeli&#x11F;i</subfield>
  </datafield>
  <datafield tag="650" ind1=" " ind2=" ">
    <subfield code="a">Eski &#xE7;a&#x11F; felsefesi</subfield>
    <subfield code="x">Heraklitos</subfield>
  </datafield>
  <datafield tag="700" ind1=" " ind2=" ">
    <subfield code="a">Altan, Meltem</subfield>
  </datafield>
  <datafield tag="942" ind1=" " ind2=" ">
    <subfield code="2">dcc</subfield>
    <subfield code="c">BKS</subfield>
  </datafield>
  <datafield tag="952" ind1=" " ind2=" ">
    <subfield code="a">0001</subfield>
    <subfield code="b">0001</subfield>
    <subfield code="d">2016-07-29</subfield>
    <subfield code="e">2</subfield>
    <subfield code="l">0</subfield>
    <subfield code="o">182 V65b 2002</subfield>
    <subfield code="p">000507</subfield>
    <subfield code="r">2016-07-29 00:00:00</subfield>
    <subfield code="v">0.00</subfield>
    <subfield code="w">2016-07-29</subfield>
    <subfield code="y">BKS</subfield>
  </datafield>
  <datafield tag="999" ind1=" " ind2=" ">
    <subfield code="c">1211</subfield>
    <subfield code="d">1211</subfield>
  </datafield>
</record>
